[Event "TUN-ch sf"]
[Site "Monastir"]
[Date "2024.03.23"]
[Round "5"]
[White "Jlajla, Imed"]
[Black "Bousrih, Maher"]
[Result "1-0"]
[WhiteElo "1966"]
[BlackElo "1788"]
[PlyCount "79"]
[EventDate "2024.03.21"]
[EventType "swiss"]
[EventRounds "9"]
[EventCountry "TUN"]
[SourceTitle "CB15_2024"]
[SourceDate "2024.04.10"]
[SourceVersion "1"]
[SourceVersionDate "2024.04.10"]
[SourceQuality "1"]

1. f4 d5 2. e3 g6 3. Nf3 Bg7 4. d4 c5 5. c3 Qa5 6. Be2 Nc6 7. 0-0 Nf6 8. Nbd2 c4 9. Ne5 h5 10. Bf3 Bf5 11. Ndxc4 Qc7 12. Nd2 e6 13. Qe1 Ne4 14. Nxe4 Bxe5 15. fxe5 dxe4 16. Be2 Qe7 17. Bb5 Rc8 18. c4 a6 19. Bxc6+ Rxc6 20. b3 h4 21. Bb2 Kf8 22. Qf2 Qg5 23. Qf4 Qh5 24. h3 g5 25. Qf2 Rg8 26. d5 Rc8 27. Ba3+ Kg7 28. Be7 Kh6 29. Kh2 Rce8 30. Bf6 Rg6 31. d6 Rxf6 32. exf6 Rg8 33. d7 Kg6 34. Rad1 Rd8 35. Rd6 Kxf6 36. Qxf5+ Ke7 37. Qc5 Rxd7 38. Rc6+ Ke8 39. Rxe6+ Kd8 40. Qb6+ 1-0